000 00526nam a2200133Ia 4500
008 100328s9999 xx 000 0 und d
082 _b66722
100 _aगोवंडे श्रीकांत.
245 _aअल्लाउद्दीन आणि जादूचा दिवा.
260 _bनितीन.
630 _aअल्लाउद्दीन आणि जादूचा दिवा.
730 _aअल्लाउद्दीन आणि जादूचा दिवा.
942 _cBOOK
999 _c552461
_d552458